Teaching quantitative methods (Record no. 481411)
[ view plain ]
| 000 -LEADER | |
|---|---|
| fixed length control field | 01692cam a2200373 a 4500 |
| 001 - CONTROL NUMBER | |
| control field | EDZ0000104793 |
| 003 - CONTROL NUMBER IDENTIFIER | |
| control field | StDuBDS |
| 005 - DATE AND TIME OF LATEST TRANSACTION | |
| control field | 20161031105207.0 |
| 006 - FIXED-LENGTH DATA ELEMENTS--ADDITIONAL MATERIAL CHARACTERISTICS--GENERAL INFORMATION | |
| fixed length control field | m||||||||d|||||||| |
| 007 - PHYSICAL DESCRIPTION FIXED FIELD--GENERAL INFORMATION | |
| fixed length control field | cr ||||||||||| |
| 008 - FIXED-LENGTH DATA ELEMENTS--GENERAL INFORMATION | |
| fixed length control field | 121017s2011 caua fo| 001|0|eng|d |
| 020 ## - INTERNATIONAL STANDARD BOOK NUMBER | |
| International Standard Book Number | 9781446268384 (ebook) : |
| Terms of availability | No price |
| 040 ## - CATALOGING SOURCE | |
| Original cataloging agency | StDuBDS |
| Language of cataloging | eng |
| Transcribing agency | StDuBDS |
| Description conventions | pn |
| 049 ## - LOCAL HOLDINGS (OCLC) | |
| Holding library | Alfaisal Main Library |
| 050 #0 - LIBRARY OF CONGRESS CALL NUMBER | |
| Classification number | HA35 |
| Item number | .P39 2011 |
| 082 04 - DEWEY DECIMAL CLASSIFICATION NUMBER | |
| Classification number | 300.721 |
| Edition number | 23 |
| 245 00 - TITLE STATEMENT | |
| Title | Teaching quantitative methods |
| Medium | [electronic resource] : |
| Remainder of title | getting the basics right / |
| Statement of responsibility, etc | [edited by] Geoff Payne and Malcolm Williams. |
| 260 ## - PUBLICATION, DISTRIBUTION, ETC. (IMPRINT) | |
| Place of publication, distribution, etc | Los Angeles, [Calif.] ; |
| -- | London : |
| Name of publisher, distributor, etc | SAGE, |
| Date of publication, distribution, etc | 2011. |
| 300 ## - PHYSICAL DESCRIPTION | |
| Extent | 1 online resource (xii, 187 p.) : |
| Other physical details | ill. |
| 520 8# - SUMMARY, ETC. | |
| Summary, etc | A clear, innovative text from world experts, this book clearly lays out the problems, strategies and resources associated with the teaching of quantitative methods in modern universities. It is a pragmatic approach which will be of interest to any academic teaching 'numbers' to their students. |
| 521 ## - TARGET AUDIENCE NOTE | |
| Target audience note | Specialized. |
| 588 ## - | |
| -- | Description based on print version record. |
| 504 ## - BIBLIOGRAPHY, ETC. NOTE | |
| Bibliography, etc | Includes bibliographical references and index. |
| 650 #0 - SUBJECT ADDED ENTRY--TOPICAL TERM | |
| Topical term or geographic name as entry element | Quantitative research. |
| 650 #0 - SUBJECT ADDED ENTRY--TOPICAL TERM | |
| Topical term or geographic name as entry element | Social sciences |
| General subdivision | Research |
| -- | Methodology. |
| 655 #7 - INDEX TERM--GENRE/FORM | |
| Genre/form data or focus term | Electronic books. |
| Source of term | local |
| 700 1# - ADDED ENTRY--PERSONAL NAME | |
| Personal name | Payne, Geoff, |
| Dates associated with a name | 1944- |
| 700 1# - ADDED ENTRY--PERSONAL NAME | |
| Personal name | Williams, Malcolm, |
| Dates associated with a name | 1953- |
| 710 2# - ADDED ENTRY--CORPORATE NAME | |
| Corporate name or jurisdiction name as entry element | Sage eBooks |
| 776 08 - ADDITIONAL PHYSICAL FORM ENTRY | |
| Display text | Print version : |
| International Standard Book Number | 9781848600010 |
| 856 40 - ELECTRONIC LOCATION AND ACCESS | |
| Materials specified | SAGE research methods |
| Uniform Resource Identifier | <a href="http://methods.sagepub.com/book/teaching-quantitative-methods">http://methods.sagepub.com/book/teaching-quantitative-methods</a> |
| 856 40 - ELECTRONIC LOCATION AND ACCESS | |
| Uniform Resource Identifier | <a href="http://ezproxy.alfaisal.edu/login?url=http://sk.sagepub.com/books/teaching-quantitative-methods">http://ezproxy.alfaisal.edu/login?url=http://sk.sagepub.com/books/teaching-quantitative-methods</a> |
| 942 ## - ADDED ENTRY ELEMENTS (KOHA) | |
| Source of classification or shelving scheme | Library of Congress Classification |
| Koha item type | eBooks |
No items available.

